[Event "Maccabiah op"]
[Site "Jerusalem"]
[Date "2013.07.21"]
[Round "1"]
[White "Freeman, Adam"]
[Black "Har Even, Abir"]
[Result "0-1"]
[WhiteElo "1477"]
[BlackElo "2093"]
[PlyCount "42"]
[EventDate "2013.07.21"]
[EventType "swiss"]
[EventRounds "9"]
[EventCountry "ISR"]
[SourceTitle "EXT 2014"]
[Source "ChessBase"]
[SourceDate "2013.11.20"]
[SourceVersion "1"]
[SourceVersionDate "2013.11.20"]
[SourceQuality "1"]

1. e4 c6 2. d4 g6 3. Nf3 Bg7 4. Be3 d5 5. e5 f6 6. Be2 Nh6 7. Nbd2 Nf5 8. Nb3 Nxe3 9. fxe3 Nd7 10. exf6 Nxf6 11. Qd3 Bf5 12. Qd1 Bh6 13. 0-0 Bxe3+ 14. Kh1 Ng4 15. Qe1 Qd6 16. h3 h5 17. c3 Be4 18. Ne5 Nxe5 19. dxe5 Qxe5 20. Bf3 Bb6 21. Nd2 Bc7 0-1